| 000 | 00409 a2200157 4500 | ||
|---|---|---|---|
| 003 | NUST | ||
| 005 | 20230210104146.0 | ||
| 040 | _cNust | ||
| 082 | _a070,HKA | ||
| 100 |
_aKhalid, A.R _97403 |
||
| 245 |
_aFun-e-Khabar Navesi فن خبر نویسئ (Urdu) / _cA. R. khalid |
||
| 260 |
_aLahore _bMukitaba Kuchary |
||
| 300 | _a144;p | ||
| 650 |
_aCommunications (Urdu) _9108856 |
||
| 942 |
_2ddc _cBK _k070,HKA |
||
| 999 |
_c188036 _d188036 |
||